Statistics for Countries with the most Minors %

Click here to take the quiz!

General Stats

  • This quiz has been taken 12 times
  • The average score is 7 of 9

Answer Stats

minorsAnswer% Correct
47.51%chad
100%
48.85%niger
100%
47.19%mali
88%
45.02%angola
75%
45.77%burundi
75%
48.13%car
75%
44.78%uganda
75%
46.54%drc
63%
47.16%somalia
63%

Score Distribution

Percentile by Number Answered

Percent of People with Each Score

Your Score History

You have not taken this quiz